Statistics for Пять беднейших стран по частям света

Click here to take the quiz!

General Stats

  • This quiz has been taken 1 311 times
  • The average score is 10 of 30

Answer Stats

Страна% Correct
Европа$15464Украина
77%
Европа$17902Молдова
65%
Европа$16775Косово
58%
Европа$20632Албания
54%
Азия$2116Афганистан
47%
Южная Америка$8486Венесуэла
47%
Европа$20623Босния и Герцеговина
46%
Южная Америка$16291Парагвай
43%
Южная Америка$16631Перу
42%
Азия$3502Сирия
41%
Южная Америка$14485Эквадор
40%
Южная Америка$10693Боливия
39%
Африка$1643Мозамбик
37%
Азия$1700Северная Корея
34%
Северная Америка$7503Гондурас
32%
Северная Америка$3108Гаити
30%
Африка$1552Демократическая Республика Конго
29%
Северная Америка$8137Никарагуа
29%
Африка$916Бурунди
29%
Азия$1996Йемен
29%
Северная Америка$11006Гватемала
25%
Африка$1123Центральноафриканская Республика
25%
Северная Америка$11320Белиз
23%
Океания$3534Папуа-Новая Гвинея
19%
Океания$3614Кирибати
19%
Океания$4690Микронезия
19%
Океания$2939Вануату
18%
Африка$455Южный Судан
16%
Океания$2713Соломоновы Острова
16%
Азия$3767Восточный Тимор
15%

Score Distribution

Percentile by Number Answered

Percent of People with Each Score

Your Score History

You have not taken this quiz